| 000 | 01003nam a22002537a 4500 | ||
|---|---|---|---|
| 999 |
_c7808 _d7808 |
||
| 003 | AR-CdUCM | ||
| 008 | 190321b ||||| |||| 00| 0 spa d | ||
| 040 |
_aMUNICIPALIDAD PROVINCIAL DEL CUSCO _cBIBLIOTECA MUNICIPAL DEL CUSCO |
||
| 041 | _heng | ||
| 082 |
_a636.2 / _bB73 |
||
| 100 |
_aBonsma, Jan C. _922073 |
||
| 245 |
_aEstudios sobre selección del ganado : _bWortham / |
||
| 260 |
_aArgentina : _bHemisferio Sur, _c1966. |
||
| 300 |
_a131 páginas ; _bfiguras, fotografías, _c19 cm. |
||
| 440 |
_aColección Ciencias Agropecuarias. _n4 _922074 |
||
| 505 | _aContenido: Concepción sobre producción animal -- Ecología animal -- Como juzgar el ganado por su eficiencia funcional -- Crianza animal por eficiencia funcional. | ||
| 650 |
_aGanado bacuno _922075 |
||
| 650 |
_aSelección _921725 |
||
| 650 |
_aRazas _96935 |
||
| 700 |
_aDurán del Campo, Aníbal (versión castellana) _922076 |
||
| 710 |
_aCentro Regional de ayuda Técnica - AID. _921728 |
||
| 942 |
_2ddc _cLIBROS |
||
| 945 | _aachl | ||